000 01552nam a2200121Ia 4500
008 220616s9999||||xx |||||||||||||| ||und||
100 _aPaletto, Alessandro
245 0 _aParticipatory Forestry: Involvement, Information and Science
546 _aEnglish[eng]
650 _aforest planning||green space quality assessment||forest management practice||forest degradation||urban trees||Slovenia||participatory process||transdisciplinary research||deliberative-analytical process||panarchy theory||participatory forums||climate change||community forestry||empathetic utility functions||smallholder||questionnaire survey||British Columbia||Ghana||cocoa||participatory||entrepreneurial education||Natura 2000||deforestation||social assessment||climate change mitigation||stakeholder analysis||social network analysis||social forestry||REDD+||photography||participation||interviews survey||diffusion||traditional knowledge||forest carbon||AI decision-making algorithms||stakeholders||participatory modeling||innovative training||stakeholders’ involvement||appraisal||slash-and-burn agriculture||public opinion||user participation||public participation||summer-winter||forest multifunctionality||preferences||community-based forest management||forest management||urban woodland management||national forest policy framework||perceptions||forest governance||stakeholder engagement||forest history||role-playing games||assessment of sustainability||management program||forestry training
856 _uhttps://mdpi.com/books/pdfview/book/1481
942 _cEB
999 _c20840
_d20840